000 00583nam a2200169Ia 4500
005 20260121165311.0
008 260121s9999 xx 000 0 und d
020 _a978-93-95664-49-3
041 _amar
082 _a954.035
100 _aगोडबोले, श्रीरंग
245 _aभागानगर (हैद्राबाद) नि:शस्त्र प्रतिकार
250 _a1
260 _bभारतीय विचार साधना पुणे
_c2023
300 _a126
650 _aमराठी साहित्य
_9216407
999 _c369982
_d369982